000 00816nam a2200241 i 4500
001 115264
003 ES-MaACL
005 20250918183857.0
007 t|
008 070227s1910 sp ||||1| spa d
080 _a821.134.2-32"18"
100 1 _aTenreiro, Ramón María.
_9109707
245 1 3 _aLa agonía de Madrid o La cola del cometa /
_cpor Ramón María Tenreiro ; ilustraciones de Agustín.
260 _aMadrid :
_bEl Cuento Semanal,
_c1910.
300 _a20 p. :
_bil. col. y n. ;
_c26 cm.
490 1 _aEl cuento semanal ;
_v176
500 _aTodas las páginas deterioradas. Tres páginas fotocopiadas.
700 0 _aAgustín,
_dca. 1878-1935
_9171519
740 3 _aLa cola del cometa.
830 0 3 _aEl cuento semanal
_v176
_9185957
852 _aES-MaACL
_jG-4445(19)
999 _c115264
_d115264